American History by the Year (1800-1849) Quiz Stats

 Plays Quiz not verified by Sporcle

Challenge
Share
Tweet
Embed
Score 0/50 Timer 08:00
0 Plays Today
% Correct
1807
83.6%
1837
82.8%
1812
80.6%
1819
80.6%
1841
75.4%
1826
75%
1800
73.3%
1820
73.3%
1803
72%
1801
71.1%
1815
71.1%
1836
70.7%
1840
70.3%
1848
69.8%
1804
69.4%
1845
69.4%
1846
69.4%
1831
68.5%
1835
68.5%
1808
68.1%
1825
67.7%
1823
67.2%
1830
67.2%
1818
66.8%
1821
66.8%
% Correct
1849
66.4%
1806
65.9%
1838
65.9%
1805
65.5%
1814
64.7%
1817
63.4%
1827
63.4%
1844
63.4%
1829
62.9%
1847
62.9%
1832
61.2%
1811
60.8%
1813
60.8%
1802
60.3%
1816
59.5%
1809
58.6%
1839
57.8%
1843
57.8%
1828
56.9%
1824
56.5%
1833
55.2%
1822
54.7%
1834
54.7%
1842
51.3%
1810
47.4%

You're not logged in!

Compare scores with friends on all Sporcle quizzes.
OR
Log In

You Might Also Like...

Show Comments

Extras

Top Quizzes Today


Score Distribution

Your Account Isn't Verified!

In order to create a playlist on Sporcle, you need to verify the email address you used during registration. Go to your Sporcle Settings to finish the process.

Report this User

Report this user for behavior that violates our Community Guidelines.

Details: